000 00355nam a2200133Ia 4500
005 20251222144910.0
008 251222s9999||||xx |||||||||||||| ||spa||
020 _a84-7908-897-4
082 _a848.78/R24
100 _aRamón Trives, Francisco
245 0 _aUn Mito Español en La Literatura Francesa:
264 _bUniversidad de Alicante
942 _cLIB
999 _c22294
_d22294